书目信息 |
| 题名: |
毛泽东思想和中国特色社会主义理论体系概论实践教程
|
|
| 作者: | 王文彦 , 徐白梅 , 李晓芳 主编 | |
| 分册: | ||
| 出版信息: | 北京 中共中央党校出版社 2021.01 |
|
| 页数: | 196页 | |
| 开本: | 26cm | |
| 丛书名: | ||
| 单 册: | ||
| 中图分类: | A84 , D610 | |
| 科图分类: | ||
| 主题词: | 毛泽东思想--mao ze dong si xiang--高等学校--教材 , 中国特色社会主义--zhong guo te se she hui zhu yi--理论体系--高等学校--教材 | |
| 电子资源: | ||
| ISBN: | 978-7-5035-6614-1 | |
| 000 | 01221nam0 2200289 450 | |
| 001 | CAL 010632247 | |
| 005 | 20230217093113.0 | |
| 010 | @a978-7-5035-6614-1@dCNY38.00 | |
| 100 | @a20211122d2021 em y0chiy0120 ea | |
| 101 | 0 | @achi |
| 102 | @aCN@b110000 | |
| 105 | @ay a 000yy | |
| 106 | @ar | |
| 200 | 1 | @a毛泽东思想和中国特色社会主义理论体系概论实践教程@Amao ze dong si xiang he zhong guo te se she hui zhu yi li lun ti xi gai lun shi jian jiao cheng@f主编王文彦, 徐白梅, 李晓芳 |
| 210 | @a北京@c中共中央党校出版社@d2021.01 | |
| 215 | @a196页@d26cm | |
| 320 | @a有书目 | |
| 330 | @a本书共分为十四章, 内容包括: 毛泽东思想及其历史地位、新民主主义革命理论、社会主义改造理论、社会主义建设道路初步探索的理论成果、邓小平理论、科学发展观、习近平新时代中国特色社会主义思想及其历史地位、坚持和发展中国特色社会主义的总任务等。 | |
| 606 | 0 | @a毛泽东思想@Amao ze dong si xiang@x高等学校@j教材 |
| 606 | 0 | @a中国特色社会主义@Azhong guo te se she hui zhu yi@x理论体系@x高等学校@j教材 |
| 690 | @aA84@v5 | |
| 690 | @aD610@v5 | |
| 701 | 0 | @a王文彦@Awang wen yan@4主编 |
| 701 | 0 | @a徐白梅@Axu bai mei@4主编 |
| 701 | 0 | @a李晓芳@Ali xiao fang@4主编 |
| 801 | 0 | @aCN@bBJXHZP@c20230228 |
| 905 | @b1385981-4@dA84@e495@f4 | |
| 毛泽东思想和中国特色社会主义理论体系概论实践教程/主编王文彦, 徐白梅, 李晓芳.-北京:中共中央党校出版社,2021.01 |
| 196页;26cm |
| ISBN 978-7-5035-6614-1:CNY38.00 |
| 本书共分为十四章, 内容包括: 毛泽东思想及其历史地位、新民主主义革命理论、社会主义改造理论、社会主义建设道路初步探索的理论成果、邓小平理论、科学发展观、习近平新时代中国特色社会主义思想及其历史地位、坚持和发展中国特色社会主义的总任务等。 |
| ● |
| 相关链接 |
|
|
|
|
正题名:毛泽东思想和中国特色社会主义理论体系概论实践教程
索取号:A84/495
 
预约/预借
| 序号 | 登录号 | 条形码 | 馆藏地/架位号 | 状态 | 备注 |
| 1 | 1385981 | 213859813 | 第一样本阅览室/ [索取号:A84/495] | 在馆 | |
| 2 | 1385982 | 213859822 | 第一借阅区/ [索取号:A84/495] | 在馆 | |
| 3 | 1385983 | 213859831 | 第一借阅区/ [索取号:A84/495] | 在馆 | |
| 4 | 1385984 | 213859840 | 第一借阅区/ [索取号:A84/495] | 在馆 |